Теория и практика процессов черной металлургии: опыт металлургов ГДР: сборник научных трудов

Bibliographische Detailangaben
Weitere Verfasser: Бернштейн М. Л. (редактор)
Sprache:Russisch
Veröffentlicht: Москва, Металлургия, 1987
Schlagworte:
Format: Buch
KOHA link:https://koha.lib.tpu.ru/cgi-bin/koha/opac-detail.pl?biblionumber=272302

MARC

LEADER 00000nam0a2200000 4500
001 272302
005 20231101234524.0
035 |a (RuTPU)RU\TPU\book\295508 
090 |a 272302 
100 |a 20141016d1987 k y0rusy50 ca 
101 1 |a rus  |c ger 
102 |a RU 
105 |a a z 001zy 
200 1 |a Теория и практика процессов черной металлургии: опыт металлургов ГДР  |e сборник научных трудов  |f под ред. М. Л. Бернштейна 
210 |a Москва  |c Металлургия  |d 1987 
215 |a 312 с.  |c ил. 
320 |a Библиогр.: с. 312-313 
606 1 |a Черная металлургия  |2 stltpush  |3 (RuTPU)RU\TPU\subj\18659  |9 87973 
610 1 |a процессы 
610 1 |a теория 
610 1 |a практика 
610 1 |a зарубежный опыт 
610 1 |a ГДР 
610 1 |a сталеплавильное производство 
610 1 |a металлы 
610 1 |a обработка давлением 
675 |a 669.1  |v 4 
702 1 |a Бернштейн  |b М. Л.  |4 340 
801 1 |a RU  |b 63413507  |c 20141016 
801 2 |a RU  |b 63413507  |c 20170315  |g RCR 
942 |c BK